| 000 | 05028nam a22005897a 4500 | ||
|---|---|---|---|
| 001 | 113633 | ||
| 003 | DR-UNIBE | ||
| 005 | 20251022062602.0 | ||
| 008 | 250515b2024 sp ||||| |||| 00| 0 spa d | ||
| 020 | _a9788427732148 | ||
| 040 |
_aBIBLIOTECA UNIBE _cBIBLIOTECA UNIBE _erda |
||
| 041 | _aspa | ||
| 082 | _a370.11 E24 | ||
| 245 | 1 | 0 |
_aAspectos cruciales de la innovación educativa / _cJosé Enrique Anguita Osuma [y otros veinticinco] |
| 260 |
_aMadrid : _bNarcea, _c2024 |
||
| 300 | _a218 páginas | ||
| 490 | _aColección nuevas aportaciones | ||
| 505 | _a1. Innovación educativa e investigación a partir de la LOSU desde una perspectiva práctica y centrándose en la URJC de Madrid | 2. Modelo práctico de implementación de la sostenibilidad en el contexto educativo dominicano | 3. El cine como herramienta para trabajar el apego emocional en educación primaria | 4. La introspección en educación. El impacto de la introspección en el bienestar psicológico de estudiantes universitarios. * 5. Desarrollo y validación de IFAEU, instrumento para analizar la elección universitaria en México. * 6. Propuesta interdisciplinar para la enseñanza del valor de la corresponsabilidad. Integración de música y valores en una propuesta didáctica. * 7. Integración real y propuesta práctica de implementación ABP-STEAM en el ecosistema de Doñana | 8. La teoría de las inteligencias múltiples y la enseñanza de las matemáticas mediante el juego | 9. Estrategias para fomentar el aprendizaje y el sentido de pertenencia a la clase. * 10. El uso de narrativas digitales para la enseñanza de las ciencias | 11. Análisis del discurso antirracista en el contexto educativo brasileño | 12. Modelo de evaluación como herramienta de aprendizaje | | ||
| 520 | 3 | _aEl libro se presenta como una herramienta fundamental para la transformación educativa, combinando la solidez académica con la practicidad necesaria para su implementación en contextos educativos reales. Hoy en día, los maestros y educadores necesitan una formación inicial y continua de alto nivel para desarrollar competencias pedagógicas y tecnológicas, actualizar conocimientos, aplicar técnicas de motivación y gestión emocional, gestionar la diversidad en las aulas, dominar la estructura de los sistemas educativos y los recursos, entre otras competencias. En este manual se recogen investigaciones innovadoras en distintos ámbitos educativos, con un enfoque multidisciplinar e internacional. Abarca didácticas de matemáticas, ciencias experimentales, ciencias sociales, humanidades y artes; pone de manifiestos cómo se puede innovar en la enseñanza de estas disciplinas para formar ciudadanos preparados para el futuro. Este enfoque global, facilitado por la Red Iberoamericana de Formación del Profesorado (REDIAP), lo convierte en un recurso valioso para la formación continua y el desarrollo profesional docente en el contexto globalizado actual. La obra representa una contribución significativa al campo de la innovación educativa, proporcionando no solo un marco teórico sólido, sino también herramientas prácticas para la mejora de la calidad educativa en diferentes contextos y niveles de enseñanza. | |
| 650 | 7 |
_2lemb _aEnseñanza |
|
| 650 | 7 |
_2lemb _aInnovaciones educativas |
|
| 650 | 7 |
_2lemb _aDocencia _997841 |
|
| 700 |
_a Arroyo Martínez, Laura _eeditor _9195456 |
||
| 700 |
_aFernández de Castro de León, Javier _eeditor _9195457 |
||
| 700 | 1 |
_aAnguita Osuna, José Enrique _eautor _9195459 |
|
| 700 | 1 |
_aAñaños Bedriñana, Karen Giovanna _eautor _9195460 |
|
| 700 | 1 |
_aArsuaga Ferreras, Jesús María _eautor _9195461 |
|
| 700 | 1 |
_aBertot Triana, Harold _eautor _9195462 |
|
| 700 | 1 |
_aBrunet, María Alejandra _eautor _9195463 |
|
| 700 | 1 |
_aCabanillas Gordillo, Carmen _eautor _9195464 |
|
| 700 | 1 |
_aCachán Ferrer, María Obdulia _eautor _9195465 |
|
| 700 | 1 |
_aCatalá Mesón, Patricia _eautor _9195466 |
|
| 700 | 1 |
_aChavarría Pérez, Cristina _eautor _9195467 |
|
| 700 | 1 |
_aColonhesi Berenguel, Ligia _eautor _9195468 |
|
| 700 |
_aDíaz Barrado, Cástor Miguel _eautor _9195469 |
||
| 700 | 1 |
_aDíaz-Galán, Elena C. _eautor _9195470 |
|
| 700 | 1 |
_aFernández-Ulloa, Teresa _eautor _9195471 |
|
| 700 | 1 |
_aGago Martín, Claudia _eautor _9195472 |
|
| 700 | 1 |
_aGhiuro Passarelli, Lilian María _eautor _9195473 |
|
| 700 | 1 |
_aGutiérrez Hermoso, Lorena _eautor _9195474 |
|
| 700 | 1 |
_aHervás Escobar, Aránzazu _eautor _9195475 |
|
| 700 | 1 |
_aMarquesi, Sueli Cristina _eautor _9195476 |
|
| 700 | 1 |
_aMelón Jiménez, Pablo _eautor _9195477 |
|
| 700 | 1 |
_aPeñacoba Puente, Cecilia _eautor _9195478 |
|
| 700 | 1 |
_aPortolés Reboul, Miguel _eautor _9195479 |
|
| 700 | 1 |
_aRuiz Simón, Esther _eautor _9195480 |
|
| 700 | 1 |
_aSantaella Vallejo, Almudena _eautor _9195481 |
|
| 700 | 1 |
_aSoares Aguiar, Andréa Pisan _eautor _9195482 |
|
| 700 | 1 |
_aSoares Rodrigues, Maria das Graças _eautor _9195483 |
|
| 700 | 1 |
_aSoto Díaz, Arcadio _eautor _9195484 |
|
| 942 |
_2ddc _cBK |
||
| 999 |
_c113635 _d113635 |
||